Normal view
MARC view
- النجار، صباح مجيد
Entry Personal Name
001 - CONTROL NUMBER
- control field: 66634
003 - CONTROL NUMBER IDENTIFIER
- control field: JO-AjAnu
005 - DATE AND TIME OF LATEST TRANSACTION
- control field: 20250723110012.0
008 - FIXED-LENGTH DATA ELEMENTS
- fixed length control field: 250723|| aca||aabn | a|a d
040 ## - CATALOGING SOURCE
- Original cataloging agency: JO-AjAnu
100 ## - HEADING--PERSONAL NAME
- Personal name: النجار، صباح مجيد
- Relator term: مؤلف مشارك